000 00946nam a2200253Ia 4500
003 OSt
005 20220923224705.0
006 a|||||r|||| 00| 0
007 ta
008 220922b |||||||| |||| 00| 0 hin d
024 _a248,824
037 _cTextual
040 _aARTS
_cARTS
_bhin
041 _2hin
_ahin
082 _aO152,1M5:g, L6
100 _aशर्मा, दयानन्द 'मधुर'
_9156370
245 0 _aरीतिकालिन काव्य पर संस्कृत काव्य का प्रभाव
246 _aRītikālin kāvya par sanskṛut kāvya kā prabhāva
260 _aकानपुर
_b साहित्य संस्थान
_c1976
300 _a327पृ.
_ccm.
650 _aहिन्दी साहित्य
_9156264
942 _hO152,1M5:g, L6
_cTEXL
_2CC
999 _c372982
_d372982